| 000 | 00548nam a2200181Ia 4500 | ||
|---|---|---|---|
| 999 |
_c34635 _d34635 |
||
| 003 | OSt | ||
| 005 | 20200917122603.0 | ||
| 008 | 190216s9999||||xx |||||||||||||| ||und|| | ||
| 020 | _a9789374734612 | ||
| 040 | _coclc | ||
| 082 |
_a621.366 _bSHA/L |
||
| 100 |
_aSharma, Richa _94677 |
||
| 245 | 0 |
_aLaser Systems And Applications / _cRicha Sharma ; Vibhu Sharma |
|
| 260 |
_bAitbs Publishers And Distributors, _c2010. _aNew Delhi: |
||
| 300 | _a224p | ||
| 650 | _aPhysics | ||
| 942 |
_cBK _2ddc _h621.366 _iSHA/L _k621.366 _mSHA/L |
||